Aprenseñar: evidencias e implicaciones educativas de aprender enseñando

保存先:
書誌詳細
第一著者: Duran, David (著者)
フォーマット: 図書
言語:スペイン語
出版事項: Madrid Narcea S. A de Ediciones 2014
版:1a. ed
シリーズ:Colección Educación Hoy Estudios
主題:
タグ: タグ追加
タグなし, このレコードへの初めてのタグを付けませんか!

MARC

LEADER 00000cam a2200000 a 4500
001 UCC4243
003 CL-VaPUC
008 180720e20140000sp |||||||||||||||||spa|d
020 |a 9788427720503 
082 0 4 |a 371.102  |b DUR  |2 21 
100 0 |a Duran, David  |e author  |9 598394 
245 1 0 |a Aprenseñar: evidencias e implicaciones educativas de aprender enseñando 
250 |a 1a. ed 
300 |a 139 p 
942 |c BK 
945 |d 20180720 14:27:00  |a dcastane 
260 |a Madrid  |b Narcea S. A de Ediciones  |c 2014 
650 0 |a Pedagogía  |9 255351 
650 0 |a Aprendizaje   |9 254827 
650 0 |a Formación profesional de profesores  |9 307493 
583 |a last modification  |c 20180720 14:27:00  |k Rodrigo Vera 
490 0 |a Colección Educación Hoy Estudios 
999 |c 371796  |d 371794 
952 |0 0  |1 0  |3 erb  |4 0  |6 371_102000000000000_DUR_2014  |7 0  |8 A  |9 488992  |a BIBTEO  |b BIBTEO  |i 548278K  |o 371.102 DUR 2014  |p 548278K  |r 2025-01-17  |w 2019-11-24  |y BK  |z Catalogado en:20180720  |k ICR